[Event "NOR-chB op"]
[Site "Asker"]
[Date "2003.05.31"]
[Round "4"]
[White "Henriksen, Geir Ivar"]
[Black "Jorgensson, Anton"]
[Result "1-0"]
[WhiteElo "2127"]
[BlackElo "1830"]
[PlyCount "82"]
[EventDate "2003.05.??"]
[EventType "swiss"]
[EventRounds "5"]
[EventCountry "NOR"]
[SourceTitle "EXT 2005"]
[Source "ChessBase"]
[SourceDate "2004.11.15"]
[SourceVersion "1"]
[SourceVersionDate "2004.11.15"]
[SourceQuality "1"]

1. d4 Nf6 2. c4 g6 3. Nc3 Bg7 4. e4 d6 5. Nf3 0-0 6. h3 Nc6 7. d5 Nb4 8. a3 Na6 9. Be3 e5 10. g4 c6 11. Bd3 cxd5 12. cxd5 Bd7 13. b4 Qe7 14. Rc1 Rfc8 15. Rg1 Rc7 16. Qb3 Rac8 17. Kd2 b5 18. g5 Nh5 19. Nxb5 Rxc1 20. Rxc1 Rxc1 21. Kxc1 Bxh3 22. Nxa7 Nc7 23. b5 Na8 24. b6 Nxb6 25. Qxb6 Nf4 26. Bb5 Bg2 27. Nc6 Qe8 28. Nd2 Bf8 29. a4 Qd7 30. Nxe5 Ne2+ 31. Bxe2 dxe5 32. Qb3 Qc8+ 33. Kb2 Bh3 34. a5 Bd7 35. Nc4 Qe8 36. Nb6 Bh3 37. a6 f5 38. gxf6 Qf7 39. Bc4 Qxf6 40. a7 Qd6 41. a8Q Bg2 1-0